• 首页
  • 本馆介绍
  • 公告通知
  • 最新文献
  • 馆藏检索
  • 电子资源
  • 读者导购
  • 参考咨询
  • 我的图书馆
  • 登录
  • 详细信息显示
  • 放入我的书架
  • 预约/预借图书
  • 作者相关作品
  • 分类相关作品
  • 丛书相关作品
  • 出版社相关作品

书目信息

  • 表格格式
  • 工作单格式
  • 卡片格式
题名:
一战秘史
    
 
作者: 梅尔 著 ;何卫宁 译
分册:  
出版信息: 北京   新华出版社  2011.12
页数: 468页
开本: 24cm
丛书名:
单 册:
中图分类: K143
科图分类:
主题词: 第一次世界大战--史料 , 第一次世界大战
电子资源:
ISBN: 978-7-5011-9736-1
000 00953nam0 2200277 450
001 010700117570
005 20130608170509.31
010    @a978-7-5011-9736-1@dCNY56.00
035    @a005542734
100    @a20111229d2011 em y0chiy0110 ea
101 1  @achi@ceng
102    @aCN@b110000
105    @ay z 000yy
106    @ar
200 1  @a一战秘史@9yi zhan mi shi@e鲜为人知的1914-1918@dA world of undone@ethe story of the great war 1914 to 1918@f(美)梅尔(G.J. Meyer)著@g何卫宁译@zeng
210    @a北京@c新华出版社@d2011.12
215    @a468页@d24cm
330    @a本书分6大部分36章详细描绘了第一次世界大战的发展进程,及其背后鲜为人知的历史。
510 1  @aWorld of undone@ethe story of the great war 1914 to 1918@zeng
606 0  @a第一次世界大战@j史料
606 0  @a第一次世界大战
690    @aK143@v4
701  0 @c(美)@a梅尔@9mei er@c(Meyer, G.J.)@4著
702  0 @a何卫宁@9he wei ning@4译
801  0 @aCN@bNLC@c20120222
905    @dK143@e202
    
    一战秘史:鲜为人知的1914-1918=A world of undone:the story of the great war 1914 to 1918/(美)梅尔(G.J. Meyer)著/何卫宁译.-北京:新华出版社,2011.12
    468页;24cm
    
    
    ISBN 978-7-5011-9736-1:CNY56.00
    本书分6大部分36章详细描绘了第一次世界大战的发展进程,及其背后鲜为人知的历史。
●
相关链接 在E读中查询图书 在五车中查询图书 在当当中查询图书 在豆瓣中查询图书


正题名:一战秘史     索取号:K143/202         预约/预借

序号 登录号 条形码 馆藏地/架位号 状态 备注
1 0545548   205455489   第二样本阅览室/ [索取号:K143/202] 在馆    
2 0545549   205455498   第二借阅区/ [索取号:K143/202] 已借出,限还日期为2019.06.14
借出人:靳铎  
 
3 0545550   205455504   第二借阅区/ [索取号:K143/202] 在馆    
4 0545551   205455513   第二借阅区/ [索取号:K143/202] 在馆    
5 0545552   205455522   第二借阅区/ [索取号:K143/202] 在馆    
唐山师范学院图书馆 欢迎您!
大连网信软件有限公司© 版权所有